000 00670nam a2200205 4500
999 _c2935
_d2935
001 2935
003 BD-JhCC
005 20171108171125.0
008 171108b1959 bg ||||| |||| 00| 0 ben d
035 _a(BD-JhCC)
040 _aBD-JhCC
_dBD-JhCC
041 _aben
082 _a891.4435
_bCHO 1959
100 _aচৌধুরী, আবদুল গাফফার
245 _aসম্রাটের ছবি /
_cআবদুল গাফফার চৌধুরী
260 _aঢাকা:
_bসমকাল প্রকাশনী;
_c১৯৫৯
300 _a১৪০ পৃ.;
_c২২ সেমি
650 _aBengali short storeis
942 _2ddc
_cBK